El Estatuto jurd̕ico laboral del trabajador extranjero inmigrante

Bibliographic Details
Main Author: Triguero Martn̕ez, Luis ℓngel
Format: Book
Language:Spanish
Published: Albacete : Bomarzo, 2008
Series:Estudios (Bomarzo)
Subjects:
Online Access:Acceso restringido

MARC

LEADER 00000nam a2200000 a 4500
005 20111011100517.0
008 071119s2008 sp |||||| 000 ||spa|c
020 |a 9788496721494 
035 |a 5793 
040 |a vLex 
043 |a e-sp---  |b e-sp---  |2 catmarc 
080 |a 331.113.6 
090 |c 2650  |d 2650 
100 1 |a Triguero Martn̕ez, Luis ℓngel 
245 1 3 |a El Estatuto jurd̕ico laboral del trabajador extranjero inmigrante   |h [Recurso electrn̤ico] /  |c Luis ℓngel Triguero Martn̕ez 
256 |a Servicio en ln̕ea. 
260 |a Albacete :  |b Bomarzo,  |c 2008 
300 |a 1 recurso electrn̤ico 
490 1 |a Estudios / Bomarzo 
504 |a Bibliografa̕ 
506 1 |a Contenido solo disponible en los productos indicados  |d vLex Global  |d vLex Global (Academic Edition, excluding Law Schools)  |d vLex Global (U.S. Academic Edition, Law Schools)  |d vLex Global (U.S. Academic Edition, excluding Law Schools)  |d vLex Global (Academic Edition, Law Schools) 
650 0 4 |a Trabajadores extranjeros  |x Situacin̤ legal, leyes, etc.  |z Espaą 
650 0 4 |a Inmigrantes  |x Situacin̤ legal, leyes, etc.  |z Espaą 
740 0 |a vLex Libros (Servicio en ln̕ea) 
830 0 |a Estudios (Bomarzo)  
856 4 0 |u http://vlex.com/source/estatuto-juridico-laboral-trabajador-extranjero-inmigrante-5793  |z Acceso restringido 
942 |c BOOK